Elevage en masse de diopsis spp. et criblage artificiel des variétés de riz pour la résistance (Record no. 46596)

MARC details
000 -LEADER
fixed length control field 00529nam a22001817a 4500
003 - CONTROL NUMBER IDENTIFIER
control field 0
005 - DATE AND TIME OF LATEST TRANSACTION
control field 20160609165230.0
008 - FIXED-LENGTH DATA ELEMENTS--GENERAL INFORMATION
fixed length control field 091203t xxu||||| |||| 00| 0 eng d
037 ## - SOURCE OF ACQUISITION
Stock number M15356
040 ## - SOURCE DU CATALOGAGE
Original cataloging agency EPAC
Language of cataloging F
Transcribing agency BIBLIO EPAC
082 ## - DEWEY DECIMAL CLASSIFICATION NUMBER
Classification number 27.APE/DEG
100 ## - VEDETTE PRINCIPALE - NOM DE PERSONNE
Personal name Chimène F. F. Dégila
9 (RLIN) 2392
245 ## - TITLE STATEMENT
Title Elevage en masse de diopsis spp. et criblage artificiel des variétés de riz pour la résistance
260 ## - PUBLICATION, DISTRIBUTION, ETC. (IMPRINT)
Place of publication, distribution, etc UAC
Name of publisher, distributor, etc EPAC
Date of publication, distribution, etc 2007-2008
300 ## - PHYSICAL DESCRIPTION
Extent III-51p
Dimensions 29cm
650 ## - SUBJECT ADDED ENTRY--TOPICAL TERM
Topical term or geographic name as entry element GENIE ENVIRONNEMENT
9 (RLIN) 2393
942 ## - ADDED ENTRY ELEMENTS (KOHA)
Koha item type Thèse et Memoire
Holdings
Withdrawn status Lost status Damaged status Not for loan Location (home branch) Sublocation or collection (holding branch) Date acquired Source of acquisition Koha issues (times borrowed) Koha full call number Piece designation (barcode) Koha date last seen Copy number Koha item type Public note Price effective from
        Bibliothèque Ecole Polytechnique d'Abomey-Calavi Bibliothèque Ecole Polytechnique d'Abomey-Calavi 03/12/2009 Don   27.APE/DEG M15356 EPAC 03/12/2009 3 Thèse et Memoire 3 Exemplaires dont un exclu du prêt  
        Bibliothèque Ecole Polytechnique d'Abomey-Calavi Bibliothèque Ecole Polytechnique d'Abomey-Calavi 23/02/2011 Don   27.APE/DEG M16764EPAC 23/02/2011 2 Thèse et Memoire Prêt à domicile 23/02/2011
        Bibliothèque Ecole Polytechnique d'Abomey-Calavi Bibliothèque Ecole Polytechnique d'Abomey-Calavi 23/02/2011 Don   27.APE/DEG M16765EPAC 23/02/2011 1 Thèse et Memoire Prêt à domicile 23/02/2011


© 2008, Bibliothèques de l'Université d'Abomey-Calavi

04 BP 789 Cotonou, Tél. : +229 21 36 01 01, Fax : +229 21 35 06 32

Courriel : bu@bu.uac.bj